| 000 | 00391nam a2200133Ia 4500 | ||
|---|---|---|---|
| 005 | 20260326100046.0 | ||
| 008 | 260326s9999||||xx |||||||||||||| ||und|| | ||
| 100 | _aBevans, Santiago | ||
| 245 | 0 |
_aLa encrucijada de la Arquitectura Argentina (1822- 1875) / _cSantiago Bevans |
|
| 260 | _bUniversidad Nacional del Nordeste | ||
| 300 | _a191 p. | ||
| 650 | _aARQUITECTURA REGIONAL | ||
| 942 | _cBK | ||
| 999 |
_c7184 _d7184 |
||